THE SECRET (Record no. 1218187)

MARC details
000 -LEADER
fixed length control field 00414nam a2200169Ia 4500
008 - FIXED-LENGTH DATA ELEMENTS--GENERAL INFORMATION
fixed length control field 260330s2016 xx 000 0 und d
020 ## - INTERNATIONAL STANDARD BOOK NUMBER
International Standard Book Number 978-1-4711-7239-7
041 ## - LANGUAGE CODE
Language code of text/sound track or separate title eng
082 ## - DEWEY DECIMAL CLASSIFICATION NUMBER
Classification number 158.1
Item number BYR
100 ## - MAIN ENTRY--PERSONAL NAME
Personal name BYRNE, RHONDA
245 ## - TITLE STATEMENT
Title THE SECRET
260 ## - PUBLICATION, DISTRIBUTION, ETC.
Place of publication, distribution, etc. Central London
Name of publisher, distributor, etc. SIMON & SCHUSTER INC UK
Date of publication, distribution, etc. 2016
300 ## - PHYSICAL DESCRIPTION
Extent 202pg
Other physical details PB
365 ## - TRADE PRICE
Currency code Rs.
650 ## - SUBJECT ADDED ENTRY--TOPICAL TERM
Topical term or geographic name entry element Self-Help
700 ## - ADDED ENTRY--PERSONAL NAME
Personal name BYRNE, RHONDA
Holdings
Withdrawn status Lost status Damaged status Not for loan Home library Current library Date acquired Source of acquisition Cost, normal purchase price Total Checkouts Full call number Barcode Date last seen Date last checked out Cost, replacement price Price effective from Koha item type
        Abhijit Kadam Institute of Management & Social Science, Solapur Abhijit Kadam Institute of Management & Social Science, Solapur 21/01/2026 BMSGB, Pune 629.10 1 158.1/BYR AKS-C-04667 15/04/2026 06/04/2026 629.10 30/03/2026 Book